000 00543nam a2200193 i 4500
001 82555
003 ES-MaACL
005 20230906174708.0
007 t|
008 041111s1905 fr ||||1| fre d
100 1 _aImbert, Leon.
_965213
245 1 0 _aPrecis de Therapeutique chirurgicale /
_cLeon Imbert.
260 _a[S.l. :
_bs.n.,
_c1905] (
_eEvreux :
_fCh. Herissey)
300 _a931 p. :
_bil. ;
_c18 cm.
490 1 _aCollection Testut
830 0 _aCollection Testut
_9181022
852 _aES-MaACL
_jF-2623
999 _c82555
_d82555